| 000 | 00462nam a2200157 a 4500 | ||
|---|---|---|---|
| 001 | 000035532 | ||
| 005 | 20200930074419.0 | ||
| 008 | 111103s1997 mx 000 0 spa d | ||
| 020 | _a9681653068 | ||
| 040 |
_aDO-SdBNP _bspa _cBNPHU |
||
| 082 |
_axxxx _bxxxx |
||
| 100 | 1 |
_aMutís Álvaro _922796 |
|
| 245 | 1 | 4 |
_aFragmentos : _blos rostros del estratega / _cÁlvaro Mutís. |
| 260 |
_aMéxico, : _bFondo de la cultura económica, _c1997. |
||
| 300 |
_a75 p. ; _c14 cm. |
||
| 999 |
_c35023 _d35023 |
||